| 000 | 01190nam0a22002411 4500 | ||
|---|---|---|---|
| 001 | rc\50131 | ||
| 005 | 20260406110936.0 | ||
| 035 | _a(NLR Aleph) 005329140 | ||
| 090 |
_a6572206 _c6572206 |
||
| 100 | _a20021216d1994 |||y0rusy50 ca | ||
| 101 | 0 | _arus | |
| 102 | _aRU | ||
| 105 | _ay ||||||||| | ||
| 200 | 1 |
_aНОРВЕЖСКИЙ опыт сооружения подземных хранилищ _eПубл. № 9 Norw. soil and rock engineering assoc. _eИнформ. обзор |
|
| 210 |
_aМ. _cЦентр инжиниринга, маркетинга, рекламы "Тимр" и др. _d1994 |
||
| 215 |
_a28 с. _d20 |
||
| 225 | 1 |
_aНовое в отечественном и зарубежном подземном строительстве _eПрил. к журн. "Подзем. пространство мира" _fСекция информ. тоннел. ассоц. Центр инжиниринга, маркетинга и рекламы "ТИМР" _vВып. 2 |
|
| 712 | 0 | 2 |
_8eng _aNorwegian soil and rock engineering association _7ba _3RU\NLR\AUTH\886249 _9284288 |
| 801 | 0 |
_aRU _bNLR _gpsbo |
|
| 801 | 1 |
_aRU _bELAR _2rusmarc |
|
| 852 |
_aNLR _jП10/6939 |
||
| 942 | _cBOOK | ||
| 980 | _aNB | ||